000 00333nam a2200133Ia 4500
005 20260328104332.0
008 260328s9999||||xx |||||||||||||| ||und||
100 _aZabe, Michael
245 0 _aMathias Goeritz /
_cMichael Zabe
260 _bInstituto de Investiagación Éstetica
300 _a311 p.
650 _aARTE
942 _cBK
999 _c11738
_d11738